[Event "EYTCC Open U18 2018"]
[Site "Bad Blankeburg"]
[Date "2018.07.15"]
[Round "4"]
[White "Vasiesiu, Victor"]
[Black "Szustakowski, Antoni"]
[Result "1-0"]
[WhiteElo "2295"]
[BlackElo "2330"]
[Annotator "TA"]
[PlyCount "255"]
[EventDate "2018.07.12"]
[EventType "swiss"]
[EventCountry "GER"]
[SourceTitle "playchess.com"]
[Source "ChessBase"]
[SourceQuality "1"]

{[%evp 15,254,16,23,23,23,19,21,8,44,33,36,-10,-4,-11,0,0,0,-20,-14,-10,37,34,42,31,71,62,51,16,53,14,56,56,41,-12,0,0,47,56,30,14,22,0,0,0,0,-44,9,0,12,-36,-46,-34,-26,-33,91,83,85,95,106,61,233,231,226,168,217,213,226,210,197,-236,-232,-234,58,72,157,168,155,45,45,45,46,46,46,46,122,42,73,80,80,41,110,103,109,125,125,118,135,125,278,295,350,247,295,248,510,480,1310,1611,1735,1202,1199,1215,580,1161,824,740,740,565,1709,1659,1431,0,1466,0,1397,1337,1477,1018,1791,1740,1642,1581,29965,1492,29958,29958,29958,29958,29958,29958,29956,29941,29942,12844,29967,29969,29969,29970,29970,29971,29971,29968,29974,29974,29975,29976,29976,29973,29972,29969,29970,29969,29968,29969,29968,29970,29969,29970,29972,29973,29974,29975,29974,29976,29981,29982,29986,29987,29987,29976,29982,29980,29983,29984,29984,29985,29985,29985,29985,29983,29986,29987,29988,29989,29989,29975,29975,0,29975,29977,29977,29978,29977,29979,29979,29980,29979,29978,29980,29980,29982,4141,29982,29983,29987,29985,29988,29986,29989,29990,29990,29990,29991,29990,29991,29992,29992,29992,29993,29994,29994,29995,29995,29996,29996,29995,29997,29998,29998,29999,29999]} 1. e4 e6 2. d4 d5 3. Nc3 Nf6 4. Bg5 dxe4 5. Nxe4 Be7 6. Bxf6 gxf6 7. Nf3 a6 8. g3 Nc6 {LiveBook: 6 Games. C13: French: Classical System: 4 Bg5 Be7, Alekhine-Chatard Attack} (8... b5 9. Bg2 Bb7 10. Qe2 Nd7 11. O-O-O Bd5 12. Rhe1 c6 13. Nc3 Qa5 14. Nxd5 cxd5 15. Bh3 Qxa2 16. Bxe6 {0-1 (35) Sutovsky,E (2623)-Lenderman,A (2617) Tsaghkadzor 2015 CBM 166 [Roiz,M]}) 9. c3 e5 10. d5 Na7 {The position is equal.} 11. Bc4 Bh3 $146 ({Predecessor:} 11... b5 12. Bb3 Bb7 13. Nh4 c5 14. Qf3 c4 15. Bc2 Qxd5 16. Nf5 {1-0 (25) Baumegger,S (2450)-Szustakowski,A (2303) Graz 2018}) 12. Qe2 Qd7 13. O-O-O O-O-O $1 14. Rhe1 Bg4 15. Qe3 Kb8 $1 16. Kb1 Nc8 17. Be2 Bxf3 18. Bxf3 f5 19. Nc5 Qd6 20. Nb3 $1 Bf6 21. Be2 h5 22. h4 (22. c4 $5 {[%cal Rc4c5]}) 22... Ne7 23. c4 e4 24. Nd4 ({Better is} 24. Rd2 $14) 24... Ka8 25. Nc2 {[%cal Bd4c2,Bc2a3,Ba3b5][%mdl 32]} b6 (25... Bg7 {looks sharper.} 26. Rf1 Rh6 27. Rg1 Qe5 28. Qa3 Rb6) 26. Qb3 a5 27. Na3 Qc5 28. Qb5 Kb8 29. Qxc5 bxc5 30. Nb5 Nc8 (30... f4 $15) 31. Bf1 $36 {[%mdl 2048] White is more active.} Nd6 32. Bh3 Nxc4 33. Bxf5 Nxb2 34. Rd2 $1 c6 (34... Nc4 $15 {keeps the upper hand.} 35. Rde2 Rxd5 36. Bxe4 Nd2+ 37. Kc2 Nxe4 38. Rxe4 Rhd8) 35. Rxb2 $16 Bxb2 36. dxc6 Be5 {White must now prevent ...Rd2.} 37. Rxe4 Bd6 $2 (37... Rd5 $1 $14) 38. Bd7 $18 {[%mdl 1024] White has strong compensation.} Rh6 39. Re2 Bc7 40. Re7 Rf6 41. f4 Bd6 42. Re5 $4 {[%mdl 8192]} (42. Re1 $1 $18 {and life is good for White.}) 42... Bxe5 $19 43. fxe5 {Intending c7+ and mate.} Rxc6 $2 (43... Rf1+ $19 44. Kc2 Rc8 $1 {[%mdl 512]}) 44. Bxc6 $14 {aiming for Nd6.} Rd1+ (44... Rd3 $142) 45. Kc2 $16 Re1 46. Bd5 (46. Bf3 $16) 46... Rxe5 $14 47. Bxf7 Re3 48. Bxh5 {And now g4 would win.} Rxg3 49. Be2 Rg2 (49... Kb7 $14) 50. Nc3 ({White should try} 50. Kd3 $16) 50... Kc7 51. Kd3 Rh2 52. h5 Rh4 ({Black should play} 52... Rh3+ $1 $14 53. Kc4 Kc6) 53. Nd5+ $16 Kc6 54. Ne3 Kb5 {[#]} 55. Kc3+ $1 Kc6 56. Bf3+ Kd7 $2 {[#]} (56... Kb5 $16 {was necessary.} 57. Be2+ Kb6 58. Nc4+ Kb5 59. Ne3+) 57. Bg4+ $1 $18 Kc6 58. Kc4 Rh2 59. a4 Rh4 $2 (59... Kd6 60. h6 Ke5) 60. Kd3 Kc7 (60... Rh2 $142 61. Ke4 Kd6) 61. Ke4 Kc6 62. Ke5 c4 63. Kd4 c3 64. Kxc3 Kc5 65. Bd1 Rh3 66. Kd3 Kb4 67. Kd4 Rh4+ 68. Kd3 Rh3 $1 69. Kd4 Rh4+ 70. Ke5 Rh3 71. Kf4 Ka3 72. Bg4 Rh1 73. Bf3 Rh4+ 74. Kg5 (74. Kg3 $142 Rxh5 75. Bxh5 Kxa4 76. Kf4 Kb4 77. Ke4 Kc3 78. Bd1 Kb4 79. Kd4) 74... Rh3 75. Kg4 Rxh5 76. Kxh5 Kxa4 77. Bd1+ Kb4 78. Nd5+ Kc5 79. Nc3 Kc4 80. Na4 Kd3 81. Bb3 Ke4 82. Kg4 Ke5 83. Kf3 Kd4 84. Kf4 Kd3 85. Ke5 Ke3 86. Kd5 Kd3 87. Kc5 Ke4 88. Kc4 Ke5 89. Kd3 Kf4 90. Kd4 Kf5 91. Bc2+ Kf4 92. Nc5 Kg5 93. Ke5 Kg4 94. Nb7 Kf3 95. Nxa5 Ke3 96. Nc4+ Kf3 97. Be4+ Kg4 98. Ne3+ Kg5 99. Bf5 Kh6 100. Kf6 Kh5 101. Ng4 Kh4 102. Ke5 Kg3 103. Ke4 Kh4 104. Kf4 Kh5 105. Be6 Kg6 106. Bf5+ $2 (106. Ne5+ {mates} Kf6 107. Bc4 Kg7 108. Kg5 Kh7 109. Kf6 Kh8 110. Bb3 Kh7 111. Bd1) 106... Kf7 $2 {[%mdl 8192]} (106... Kh5 $11 107. Bh7 Kh4 108. Bg8 Kh5 109. Bf7+ Kh4 110. Ne3 Kh3 111. Bc4 Kh4) 107. Ke5 Kg7 108. Ke6 Kh8 109. Kf6 Kg8 110. Bg6 Kh8 111. Ne5 Kg8 112. Nf7 Kf8 113. Bh7 Ke8 114. Ne5 {White mates.} Kf8 115. Nd7+ Ke8 116. Ke6 Kd8 117. Kd6 Ke8 118. Bg6+ Kd8 119. Bh5 Kc8 120. Nc5 Kd8 121. Nb7+ Kc8 122. Kc6 Kb8 123. Kb6 Kc8 124. Bg4+ Kb8 125. Bf5 Ka8 126. Nc5 Kb8 127. Na6+ Ka8 128. Be4# {Precision: White = 51%, Black = 36%.} 1-0

[Event "EYTCC Open U18 2018"]
[Site "Bad Blankeburg"]
[Date "2018.07.15"]
[Round "4"]
[White "Riess, Alexander"]
[Black "Nikitenko, Mihail"]
[Result "0-1"]
[WhiteElo "2292"]
[BlackElo "2371"]
[Annotator "TA"]
[PlyCount "129"]
[EventDate "2018.07.12"]
[EventType "swiss"]
[EventCountry "GER"]
[SourceTitle "playchess.com"]
[Source "ChessBase"]
[SourceQuality "1"]

{[%evp 23,129,42,17,0,10,17,10,0,32,38,32,35,37,39,39,27,58,20,22,29,52,42,54,38,79,79,79,79,79,79,79,51,54,0,79,79,79,79,79,79,79,72,79,79,79,79,79,68,64,0,79,77,79,75,67,0,80,60,70,55,62,0,65,0,70,70,63,58,86,80,83,37,28,27,27,27,23,12,113,114,112,104,104,84,97,97,106,102,194,200,395,386,306,231,217,0,0,0,0,0,0,0,0,0,0,0,0,0]} 1. d4 d5 2. c4 c6 3. cxd5 cxd5 4. Bf4 Nf6 5. Nc3 Nc6 6. e3 e6 7. Bd3 Be7 8. h3 O-O 9. Nf3 Bd7 10. O-O Qa5 {D13: Slav Defence: Exchange variation without ...Bf5} 11. a3 Rfc8 12. b4 Qd8 {LiveBook: 6 Games. White is slightly better.} 13. Qd2 $146 ({Predecessor:} 13. Na4 Be8 14. Qb3 Bd6 15. Bxd6 Qxd6 16. Rfc1 Ne7 17. Qd1 Rxc1 18. Rxc1 a5 19. bxa5 {½-½ (19) Hammer,J (2612)-Brunello,S (2603) London 2013}) 13... Be8 14. Rfc1 a6 15. Qd1 b5 16. Nd2 Nd7 {[%cal Bf6d7,Bd7b6,Bb6c4][%mdl 32]} 17. Nb3 Nb6 18. Nc5 Nc4 19. Qg4 Bxc5 20. dxc5 f5 21. Qg3 Ra7 22. Bxc4 bxc4 23. Na4 $36 {[%mdl 2048] Strongly threatening Nb6. White has some pressure.} Na5 24. Nb6 Nb3 25. Nxc8 Qxc8 26. Be5 Ba4 27. Bc3 Qc7 28. Be5 Qc8 $1 29. Kh2 Rb7 30. Re1 Nxa1 31. Rxa1 Qe8 32. Re1 h6 33. f3 Bc6 34. Qf4 Kh7 35. Bc3 Qb8 36. Be5 Qe8 37. Re2 Qe7 38. Bc3 Qc7 39. Be5 Qe7 40. Qd4 Qg5 41. Re1 Qg6 42. Qf4 (42. Rg1 $14) 42... Qg5 (42... Qe8 $1 $11) 43. Qd4 Qg6 $1 44. Rg1 Qf7 45. Qf4 Qg6 46. Bc3 Qe8 47. Qd6 Qb8 48. Kg3 Qxd6+ 49. cxd6 $11 {[%mdl 4096] Endgame KRB-KRB} g5 50. h4 gxh4+ (50... Kg6 $11) 51. Kf4 $16 Rb8 52. Rh1 Rg8 53. Rh2 Bd7 54. Ke5 Rg6 55. Rxh4 Rxg2 {[#]} (55... Kg7 $16 {is a better defense.}) 56. Kf6 $1 $18 Re2 $2 (56... Rg7 {might work better.} 57. e4 dxe4) 57. Kf7 {Intending Bg7 and mate.} e5 58. Bxe5 {White threatens Bg7 and mate.} Rxe3 59. Rxh6+ $2 (59. f4 $18) 59... Kxh6 $11 {The position is equal.} 60. Bf4+ Kh5 {[#] aiming for ...d4.} 61. Bxe3 Kh4 $1 {[%cal Rh4g3] Threatens to win with ...Kg3.} 62. Ke7 Bc6 {White must now prevent ...Kg3.} 63. d7 Bxd7 $1 64. Kxd7 Kg3 65. a4 {[%mdl 32768] Precision: White = 60%, Black = 48%. . Loss on Time!?} 0-1

[Event "EYTCC Open U18 2018"]
[Site "Bad Blankeburg"]
[Date "2018.07.15"]
[Round "4"]
[White "Kopylov, Daniel"]
[Black "Siniauski, Artsiom"]
[Result "1/2-1/2"]
[WhiteElo "2272"]
[BlackElo "1967"]
[Annotator "RC"]
[PlyCount "85"]
[EventDate "2018.07.12"]
[EventType "swiss"]
[EventCountry "GER"]
[SourceTitle "playchess.com"]
[Source "ChessBase"]
[SourceQuality "1"]
[BlackTeam "Belarus"]
[BlackTeamCountry "BLR"]
[TimeControl "40/5400+30:1800+30"]

1. e4 {[%emt 0:00:00]} e6 {[%emt 0:00:00]} 2. d4 {[%emt 0:00:00]} d5 {[%emt 0:00:00]} 3. Nd2 {[%emt 0:00:00]} Nf6 {[%emt 0:00:00]} 4. e5 {[%emt 0:00:00]} Nfd7 {[%emt 0:00:00]} 5. Bd3 {[%emt 0:00:09]} c5 {[%emt 0:00:05]} 6. c3 {[%emt 0:00:11]} Nc6 {[%emt 0:00:06]} 7. Ne2 {[%emt 0:00:11]} cxd4 {[%emt 0:00:13]} 8. cxd4 {[%emt 0:00:09]} f6 {[%emt 0:00:06]} 9. exf6 {[%emt 0:00:15]} Nxf6 {[%emt 0:00:08]} 10. Nf3 {[%emt 0:00:12]} Bd6 {[%emt 0:00:09]} 11. O-O {[%emt 0:00:14]} Qc7 {[%emt 0:00:08]} 12. h3 {[%emt 0:00:21]} O-O {[%emt 0:00:16]} 13. Nc3 {[%emt 0:01:36]} a6 {[%emt 0:00:19]} 14. Be3 {[%emt 0:02:57]} Bd7 {[%emt 0:02:50]} 15. Rc1 {[%emt 0:00:46]} Be8 {[%emt 0:04:05]} 16. Qc2 {[%emt 0:18:50]} Nb4 {[%emt 0:09:00]} 17. Qb1 {[%emt 0:03:45]} Nxd3 {[%emt 0:02:10]} 18. Qxd3 {[%emt 0:01:08]} Qb6 {[%emt 0:04:40]} 19. Ne5 {[%emt 0:08:15]} Bb5 {[%emt 0:03:18]} 20. Nxb5 {[%emt 0:03:15]} Qxb5 {[%emt 0:00:09]} 21. Qxb5 {[%emt 0:01:09]} axb5 {[%emt 0:00:08]} 22. a3 {[%emt 0:01:12]} Rfc8 {[%emt 0:06:29]} 23. Bf4 {[%emt 0:18:02]} Bxe5 {[%emt 0:12:44]} 24. Bxe5 {[%emt 0:00:36]} Nd7 {[%emt 0:00:20]} 25. Bd6 {[%emt 0:00:57]} Rc4 {[%emt 0:02:06]} 26. b3 {[%emt 0:01:14]} Rcc8 {[%emt 0:10:33]} 27. f3 {[%emt 0:03:13]} Kf7 {[%emt 0:01:45]} 28. Kf2 {[%emt 0:01:45]} Nf6 {[%emt 0:04:08]} 29. Ke3 {[%emt 0:02:33]} Ke8 {[%emt 0:02:01]} 30. Kd3 {[%emt 0:01:34]} Kd7 {[%emt 0:00:34]} 31. Rxc8 {[%emt 0:00:46]} Rxc8 {[%emt 0:00:35]} 32. Be5 {[%emt 0:00:54]} Ra8 {[%emt 0:01:49]} 33. Rc1 {[%emt 0:11:43]} Ne8 {[%emt 0:01:36]} 34. Kc3 {[%emt 0:04:02]} Rxa3 {[%emt 0:07:55]} 35. Kb4 {[%emt 0:01:19]} Ra2 {[%emt 0:02:39]} 36. g4 {[%emt 0:01:18]} g6 {[%emt 0:02:54]} 37. h4 {[%emt 0:02:34]} Nd6 {[%emt 0:02:07]} 38. g5 {[%emt 0:07:57]} Rf2 {[%emt 0:05:08]} 39. f4 {[%emt 0:00:42]} Rf3 {[%emt 0:01:39]} 40. h5 {[%emt 0:03:28]} gxh5 {[%emt 0:02:45]} 41. Rh1 {[%emt 0:02:49]} Ne4 {[%emt 0:03:18]} 42. Rxh5 {[%emt 0:01:20]} Nd2 {[%emt 0:02:35]} 43. Rxh7+ {[%emt 0:00:34]} 1/2-1/2

[Event "EYTCC Open U18 2018"]
[Site "Bad Blankeburg"]
[Date "2018.07.16"]
[Round "5"]
[White "Vogel, Roven"]
[Black "Janik, Igor"]
[Result "1-0"]
[WhiteElo "2467"]
[BlackElo "2420"]
[Annotator "TA"]
[PlyCount "63"]
[EventDate "2018.07.12"]
[EventType "swiss"]
[EventCountry "GER"]
[SourceTitle "playchess.com"]
[Source "ChessBase"]
[SourceQuality "1"]

{[%evp 13,63,19,19,-36,19,16,6,8,10,7,25,21,12,19,15,23,48,22,36,30,18,1,7,4,21,19,22,42,44,38,36,22,29,29,14,15,196,177,193,198,201,105,183,102,185,161,175,184,29991,29992,29992,29993]} 1. c4 c6 2. d4 d5 3. Nf3 Nf6 4. Nc3 a6 5. Qb3 e6 6. Bg5 b5 {D15: Slav Defence: 4 Nc3 a6 and gambit lines after 4 Nc3 dxc4} (6... Be7 7. e3 O-O 8. Be2 h6 9. Bh4 dxc4 10. Qxc4 b5 11. Qd3 Nbd7 12. a4 b4 13. Bxf6 Nxf6 14. Ne4 {½-½ (42) Aronian,L (2802)-McShane,L (2671) London 2011 CBM 146 [RR]}) 7. cxd5 cxd5 {LiveBook: 11 Games} 8. Ne5 (8. e3 $11) 8... Be7 (8... Nbd7 $15) 9. e3 $11 O-O 10. Be2 h6 $146 ({Predecessor:} 10... Bb7 11. O-O Nbd7 12. Nxd7 Nxd7 13. Bxe7 Qxe7 {½-½ (38) Stanciu,G (2260)-Ionescu Brandis,I (2185) Bucharest 1993}) 11. Bf4 Bd7 12. O-O Nc6 13. Rfc1 Rc8 14. Qd1 Qb6 15. Bd3 Nxe5 16. dxe5 Nh7 17. Qg4 f5 18. Qg6 {Threatens to win with Nxd5!} Rxc3 19. Rxc3 $40 {[%mdl 128] Hoping for Bxh6. White has some attack.} Be8 20. Qg3 g5 $1 21. Rac1 Kh8 22. h4 gxf4 23. Qxf4 Rg8 24. Be2 Bf8 $2 (24... h5 $11 {and Black stays safe.}) 25. Rc8 $18 {[%mdl 1024] White has strong compensation.} Bd7 26. R8c7 Rg7 {[#]} 27. Bh5 (27. Qd4 $1 $18 {[%cal Rd4b6]} Qa5 28. Qa7) 27... Kg8 (27... Qa5 $16 {was called for.}) 28. Kh1 (28. g3 $18) 28... b4 (28... Qb8 $16) 29. Qxh6 {Rc8! is the strong threat.} Qb5 30. Bg6 Qe2 $2 {[#]} (30... Qb8 $18 31. g3 Re7) 31. Rxd7 $1 {[%mdl 512]} Rxd7 {[#]} 32. Rc8 $1 {Precision: White = 76%, Black = 27%.} ({Weaker is} 32. Bxh7+ Rxh7 33. Qxe6+ Rf7 $18) 1-0

[Event "EYTCC Open U18 2018"]
[Site "Bad Blankeburg"]
[Date "2018.07.16"]
[Round "5"]
[White "Gumularz, Szymon"]
[Black "Keymer, Vincent"]
[Result "0-1"]
[WhiteElo "2461"]
[BlackElo "2466"]
[Annotator "TA"]
[PlyCount "142"]
[EventDate "2018.07.12"]
[EventType "swiss"]
[EventCountry "GER"]
[SourceTitle "playchess.com"]
[Source "ChessBase"]
[SourceQuality "1"]

{[%evp 18,142,20,-7,0,0,0,-22,-22,-22,-9,-23,-22,-32,-19,-64,-46,-107,-123,-122,-113,-135,-139,-159,-131,-122,-112,-128,-154,-147,-142,-161,-116,-123,-126,-160,-155,-150,-143,-241,-227,-237,-222,-227,-221,-222,-220,-237,-236,-234,-234,-228,-209,-210,-203,-218,-218,-215,-170,-193,-179,-218,-208,-221,-183,-166,-159,-166,0,-193,-169,-427,-417,-436,-193,-196,-196,-196,-174,-196,-191,-174,-131,-137,0,-193,-170,-181,-163,-170,-138,-133,0,-170,-150,-226,-135,-176,-164,-197,-197,-197,-170,-174,-164,-197,-197,-269,-269,-269,-257,-312,-312,-356,-338,-542,-524,-477,-402,-729,-312,-402,-311,-296,-218,-29995,-29996]} 1. e4 c5 2. Nf3 d6 3. d4 cxd4 4. Nxd4 Nf6 5. Nc3 a6 6. Be2 e5 7. Nf3 Be7 8. Bg5 Nbd7 {[%cal Bb8d7,Bd7c5,Bc5a4,Ba4c3][%mdl 32]} 9. a4 {B92: Sicilian Najdorf: 6 Be2} h6 10. Bh4 {LiveBook: 3 Games} (10. Be3 Ng4 11. Bc1 Ngf6 12. Nd2 Nc5 13. O-O Qc7 14. a5 Be6 15. Re1 O-O 16. Bf3 Rad8 {½-½ (80) So,W (2778)-Vachier Lagrave,M (2789) Stavanger 2018}) 10... g5 11. Bg3 {The position is equal.} Qb6 12. Rb1 $146 ({Predecessor:} 12. Qc1 Nc5 13. Nd2 Be6 14. f3 Rc8 15. Bf2 Qc7 16. O-O Rg8 {1-0 (40) Ghosh,D (2536)-Raja,R (2296) Mumbai 2018}) 12... Nc5 13. Nd2 Qc6 14. O-O Be6 ({Much weaker is} 14... Ncxe4 $6 15. Bf3 $14) 15. a5 Rc8 $36 {[%mdl 2048] Black is pushing.} ({Don't play} 15... Ncxe4 16. Bf3 $14) 16. Re1 Na4 $1 17. Bd3 (17. Nxa4 $15 Qxa4 18. b4) 17... Nxc3 $17 18. bxc3 Bd8 19. c4 Bxa5 20. h4 Bb6 21. Nf1 Ke7 22. Ne3 Bxe3 $1 23. Rxe3 Rc7 24. Qd2 Nd7 {[%cal Bf6d7,Bd7b6,Bb6a4][%mdl 32]} 25. Bf1 f6 26. f3 Bxc4 27. Rc3 b5 {[%cal Bb7b5,Bb5c4][%mdl 32]} 28. Bf2 (28. Ra1 $17) 28... Nb6 $19 29. Kh2 {Hoping for Bxb6.} Na4 30. Rxc4 bxc4 31. Qa5 Nc5 32. Rb6 Qa4 33. Qd2 Rd8 34. Rb4 Qe8 35. Bxc4 {intending Qd5.} Kf8 36. Qd5 {White threatens Qg8+ and mate.} Kg7 37. Rb6 Qe7 38. h5 a5 {[%cal Ba6a5,Ba5a4,Ba4a3][%mdl 32]} 39. Be1 a4 40. Ba5 Ra7 41. Bb4 a3 42. Ba2 Qf8 $2 (42... Kh8 $19 {aiming for ...Kg7.} 43. Kg3 Ra4) 43. c3 $2 (43. Bxc5 $1 $11 {and White has nothing to worry.} dxc5 44. Qe6) 43... Qg8 44. Qd2 $2 (44. Qxg8+ Rxg8 45. Rxd6) 44... Qe8 $1 45. Kg1 Ra6 (45... Na4 $142 46. Rxd6 Rxd6 47. Bxd6 Rd7) 46. Rxa6 Nxa6 47. Bxa3 Qb5 ({And not} 47... Qxh5 48. Qd5 $11) 48. Kh2 Nc7 49. Bb4 Rd7 50. Qc2 Rd8 (50... Kh7 $17 51. Qb3 Qb8) 51. Qd2 $1 Kh8 52. Qe3 Qc6 53. Qd3 Rd7 54. Bb3 Rd8 55. Ba2 $1 Qa6 56. Qc2 {[#]} (56. Bc4 $17 {was called for.} Qa4 57. Kg1) 56... Qb5 ({Black should play} 56... Ra8 $1 $19 57. Bb3 Qf1) 57. Qd2 Kg7 58. Qc2 Qe8 59. g4 Qc6 60. Kg3 Qd7 61. Qd3 Ne6 62. Qa6 (62. Bxe6 {keeps fighting.} Qxe6 63. Qa6) 62... Nf4 63. Bc4 Qc8 64. Qb5 Rd7 65. Bb3 Qb7 66. Qc4 $2 (66. Qxb7 {is a better defense.} Rxb7 67. Bc4) 66... Rd8 67. Bxd6 Rc8 68. Bc5 (68. Qa4 $142) 68... Kh8 (68... Qd7 $142 69. Qb4 Nd3) 69. Qb4 Qxb4 70. cxb4 Rd8 71. Be7 $2 {[#]} (71. Bc4 $19 Rd2 72. Bf1) 71... Rd2 $1 {Precision: White = 39%, Black = 59%.} 0-1

[Event "EYTCC Open U18 2018"]
[Site "Bad Blankeburg"]
[Date "2018.07.16"]
[Round "5"]
[White "Horvath, Dominik"]
[Black "Gavrilescu, David"]
[Result "1/2-1/2"]
[WhiteElo "2429"]
[BlackElo "2451"]
[Annotator "ChessBase"]
[PlyCount "77"]
[EventDate "2018.07.12"]
[EventType "swiss"]
[EventCountry "GER"]
[SourceTitle "playchess.com"]
[Source "ChessBase"]
[SourceQuality "1"]
[TimeControl "40/5400+30:1800+30"]

1. Nf3 {[%emt 0:00:00]} d5 {[%emt 0:00:00]} 2. d4 {[%emt 0:00:00]} Nf6 {[%emt 0:00:51]} 3. c4 {[%emt 0:00:00]} e6 {[%emt 0:00:31]} 4. Nc3 {[%emt 0:00:00]} Bb4 {[%emt 0:00:14]} 5. Bg5 {[%emt 0:00:14]} dxc4 {[%emt 0:00:58]} 6. e4 {[%emt 0:00:07]} h6 {[%emt 0:00:43]} 7. Bxf6 {[%emt 0:01:10]} Qxf6 {[%emt 0:00:09]} 8. Qa4+ {[%emt 0:00:41]} Nc6 {[%emt 0:00:29]} 9. Bxc4 {[%emt 0:00:13]} Bd7 {[%emt 0:01:46]} 10. Bb5 {[%emt 0:01:17]} Bxc3+ {[%emt 0:01:38]} 11. bxc3 {[%emt 0:00:22]} Qg6 {[%emt 0:00:14]} 12. O-O {[%emt 0:04:56]} Qxe4 {[%emt 0:02:04]} 13. Rfe1 {[%emt 0:00:11]} Qf4 {[%emt 0:00:21]} 14. d5 {[%emt 0:05:46]} Qxa4 {[%emt 0:00:44]} 15. Bxa4 {[%emt 0:00:03]} Nd8 {[%emt 0:03:33]} 16. Bxd7+ {[%emt 0:00:28]} Kxd7 {[%emt 0:00:12]} 17. dxe6+ {[%emt 0:00:26]} Nxe6 {[%emt 0:14:01]} 18. Ne5+ {[%emt 0:00:32]} Ke7 {[%emt 0:01:25]} 19. Rab1 {[%emt 0:00:34]} Rhd8 {[%emt 0:19:34]} 20. Rxb7 {[%emt 0:01:21]} Rd6 {[%emt 0:00:14]} 21. Rb4 {[%emt 0:27:57]} Rad8 {[%emt 0:06:27]} 22. g3 {[%emt 0:03:17]} f6 {[%emt 0:06:41]} 23. Ng4 {[%emt 0:13:12]} Kf7 {[%emt 0:02:38]} 24. Ne3 {[%emt 0:01:16]} R8d7 {[%emt 0:07:34]} 25. Ra4 {[%emt 0:02:51]} a6 {[%emt 0:01:16]} 26. h4 {[%emt 0:04:51]} h5 {[%emt 0:01:23]} 27. Ra5 {[%emt 0:01:11]} g6 {[%emt 0:03:04]} 28. Rb1 {[%emt 0:01:29]} Rc6 {[%emt 0:03:04]} 29. Rb8 {[%emt 0:06:37]} Nc5 {[%emt 0:04:34]} 30. Rb4 {[%emt 0:06:00]} Rdd6 {[%emt 0:01:34]} 31. Rc4 {[%emt 0:02:21]} Nb7 {[%emt 0:02:47]} 32. Raa4 {[%emt 0:00:49]} Nc5 {[%emt 0:00:53]} 33. Ra5 {[%emt 0:03:08]} Nb7 {[%emt 0:00:50]} 34. Rxc6 {[%emt 0:00:30]} Rxc6 {[%emt 0:00:13]} 35. Ra4 {[%emt 0:00:04]} a5 {[%emt 0:04:19]} 36. Nd5 {[%emt 0:00:22]} Rc5 {[%emt 0:01:25]} 37. Rd4 {[%emt 0:00:16]} Nd6 {[%emt 0:00:36]} 38. Nxc7 Rxc7 39. Rxd6 1/2-1/2

[Event "EYTCC Open U18 2018"]
[Site "Bad Blankeburg"]
[Date "2018.07.16"]
[Round "5"]
[White "Martin, Julian"]
[Black "Teclaf, Pawel"]
[Result "1/2-1/2"]
[WhiteElo "2415"]
[BlackElo "2399"]
[Annotator "ChessBase"]
[PlyCount "64"]
[EventDate "2018.07.12"]
[EventType "swiss"]
[EventCountry "GER"]
[SourceTitle "playchess.com"]
[Source "ChessBase"]
[SourceQuality "1"]
[TimeControl "40/5400+30:1800+30"]

1. e4 {[%emt 0:00:00]} e6 {[%emt 0:00:00]} 2. d4 {[%emt 0:00:00]} d5 {[%emt 0:00:00]} 3. Nc3 {[%emt 0:00:00]} Nf6 {[%emt 0:00:00]} 4. e5 {[%emt 0:00:00]} Nfd7 {[%emt 0:00:01]} 5. f4 {[%emt 0:00:00]} c5 {[%emt 0:00:04]} 6. Nf3 {[%emt 0:00:00]} Nc6 {[%emt 0:00:04]} 7. Be3 {[%emt 0:00:00]} a6 {[%emt 0:00:06]} 8. Qd2 {[%emt 0:00:07]} b5 {[%emt 0:00:04]} 9. a3 {[%emt 0:00:03]} Qa5 {[%emt 0:00:02]} 10. dxc5 {[%emt 0:00:53]} Bxc5 {[%emt 0:00:24]} 11. Bxc5 {[%emt 0:00:06]} Nxc5 {[%emt 0:00:01]} 12. Nd4 {[%emt 0:00:06]} Qb6 {[%emt 0:00:45]} 13. b4 {[%emt 0:31:20]} Nd3+ {[%emt 0:21:39]} 14. Qxd3 {[%emt 0:10:20]} Nxd4 {[%emt 0:03:21]} 15. Rd1 {[%emt 0:26:39]} Nc6 {[%emt 0:07:00]} 16. Qg3 {[%emt 0:00:37]} O-O {[%emt 0:04:03]} 17. Bd3 {[%emt 0:00:38]} f6 18. exf6 {[%emt 0:02:14]} Rxf6 {[%emt 0:02:05]} 19. Ne2 {[%emt 0:00:09]} Bd7 {[%emt 0:10:02]} 20. Qf2 {[%emt 0:00:49]} Qxf2+ {[%emt 0:00:46]} 21. Kxf2 {[%emt 0:00:02]} e5 {[%emt 0:02:36]} 22. g3 {[%emt 0:18:14]} g5 {[%emt 0:11:16]} 23. c4 {[%emt 0:06:20]} bxc4 {[%emt 0:01:56]} 24. Bxc4 {[%emt 0:00:05]} dxc4 {[%emt 0:00:35]} 25. Rxd7 {[%emt 0:00:05]} exf4 {[%emt 0:02:13]} 26. gxf4 {[%emt 0:00:46]} Ne5 {[%emt 0:01:01]} 27. Rd4 {[%emt 0:01:34]} gxf4 {[%emt 0:04:46]} 28. Nxf4 {[%emt 0:00:59]} Kh8 {[%emt 0:01:44]} 29. Ke2 {[%emt 0:01:41]} Raf8 {[%emt 0:03:21]} 30. Rf1 {[%emt 0:00:13]} c3 {[%emt 0:05:27]} 31. Re4 {[%emt 0:00:13]} Rf5 {[%emt 0:00:36]} 32. Rc1 {[%emt 0:01:01]} Rxf4 {[%emt 0:06:14]} 1/2-1/2